000 00603nas a2200217 4500
001 BR9508850
003 BR-BrBNA
005 20231205094531.0
007 ta
008 230509b bl.|||p| |||| 00| 00por d
040 _aBR-BrBNA
_bpor
_cBiblioteca Nacional de Agricultura
041 _a(Pt)
072 _aP36
100 1 _aAnon.
245 1 _aTerraceamento: um sistema tradicional
650 _aErosao do Solo
650 _aTerraceamento
773 0 _tAgricultura de Hoje (Brazil)
_x
_g(Sep 1977), v. 3(29) p. 24-29
_wBR9508850
909 _a202311
_bLúcia
_c55
_dLúcia Elande
942 _2AGRIS
_n0
_cANA
999 _c145038
_d145038